Most Expensive Music Videos Quiz - Statistics

General Stats
  • This quiz has been taken 54 times
  • The average score is 7 of 20
Answer Stats
Production Song Artist % Correct
$4,000,000 Black or White Michael Jackson
84%
$2,200,000 Bad Michael Jackson
78%
$7,000,000 Scream Michael Jackson and Janet Jackson
70%
$5,000,000 Express Yourself Madonna
66%
$2,000,000 Miami Will Smith
52%
$6,100,000 Die Another Day Madonna
48%
$2,300,000 It's All Coming Back to Me Now Celine Dion
46%
$5,000,000 Bedtime Story Madonna
40%
$2,100,000 Larger Than Life Backstreet Boys
34%
$2,500,000 Heartbreaker Mariah Carey
32%
$2,500,000 2 Legit 2 Quit MC Hammer
30%
$2,000,000 Remember the Time Michael Jackson
30%
$4,000,000 Make Me Like You Gwen Stefani
20%
$2,500,000 Doesn't Really Matter Janet Jackson
18%
$3,500,000 Cartoon Heros Aqua
12%
$2,000,000 Freeek! George Michael
12%
$5,000,000 Estranged Guns N' Roses
12%
$2,400,000 What's It Gonna Be?! Busta Rhymes
10%
$2,000,000 She's a Bitch Missy Elliott
10%
$2,700,000 Victory Puff Daddy
6%
No matching quizzes found
Score Distribution
Percent of People with Each Score
Percentile by Number Answered
Your Score History
You have not taken this quiz